Mirar y ver /

Ensayo sobre algunos aspectos de la geometría elemental, en los que aparte de presentar a esta parte de las matemáticas como una recreación, presenta a la geometría métrica y la geometría proyectiva como uno de los instrumentos más potentes para la formación de la intuición espacial. Contenido: Intr...

Descrición completa

Gardado en:
Detalles Bibliográficos
Autor Principal: Guzmán Ozámiz, Miguel de (autor)
Formato: Libro
Idioma:Lingua castelá
Publicado: Madrid, España : Nivola, 2004, c2004
Series:(El Rompecabezas ; 8)
Temas:
Etiquetas: Engadir etiqueta
Sen Etiquetas, Sexa o primeiro en etiquetar este rexistro!

MARC

LEADER 00000nam^a2200000^a^4500
001 000181409
005 20250521000000.0
009 20260310101932.597
020 |a 84-95599-46-5 
037 |a Acervo ITESO - Biblioteca 
041 |a ESP 
082 |a 516. 02  |b GUZ 
100 |a Guzmán Ozámiz, Miguel de  |e (autor) 
245 1 0 |a Mirar y ver /  |c M. Guzmán Ozámiz. 
264 4 |a Madrid, España :  |b Nivola,  |c 2004, c2004 
300 |a 126 p. 
336 |a texto  |b txt  |2 rdacontenido 
337 |a sin mediación  |b n  |2 rdamedio 
338 |a volumen  |b nc  |2 rdasoporte 
440 3 |a (El Rompecabezas ;  |v 8) 
520 |a Ensayo sobre algunos aspectos de la geometría elemental, en los que aparte de presentar a esta parte de las matemáticas como una recreación, presenta a la geometría métrica y la geometría proyectiva como uno de los instrumentos más potentes para la formación de la intuición espacial. Contenido: Introducción; Las matemáticas de una cuadrícula; Los siete puentes de Königsberg; De una sola estocada; Rompiendo figuras; La iluminación más barata; Cuatro desigualdades fecundas; El arte de mirar correctamente; Triangulando el polígono; Dadme un punto fijo. 
649 |a XX 
650 |a Geometría -  |x Generalidades 
650 |a Juegos Matemáticos 
650 |a Geometría Euclidiana -  |x Estudio y Enseñanza 
650 |a Matemáticas -  |x Generalidades 
910 |a Fondo General 
920 |a Impresos - Libros 
930 |a Colección General 
905 |a 101 
901 |a 0500121070  |b IT1  |c ACC  |u 20250521 
902 |a https://opac.biblio.iteso.mx/vufind/Record/000181409